000
00332 a2200157 4500
001
179006
020
_a
040
_c
Magnum
100
_a
Almeida, Flavio Jose Teixeira de
240
1
0
_a
Rimas dos bichos
_l
por
245
1
0
_a
Rimas dos bichos
362
0
_a
1899
440
1
_a
LĂȘ
697
_a
MAGNITO: I/ANIMAIS
942
_c
BK
999
_c
179006
_d
179006